000 00435cam a22001337a 4500
008 180718b1987 xxu||||| |||| 00| 0 eng d
082 _aAPPPA 86-87 NAR
100 _aNarayanan, R.V.
245 _aDisciplinary proceedings against government servants
_cby R.V. Narayanan
260 _aNew Delhi
_bIndian Institute of Public Administration
_c1987
300 _a107p.
650 _aGovernment servants
650 _aDisciplinary proceedings
999 _c501448
_d501448